Регионална библиотека "Любен Каравелов" - Русе

Сираче без зестра (Безприданница) (Запис номер 424726)

MARC детайли
000 -Лидер
Контролно поле с фиксирана дължина nam a22 a 4500
003 - Код на организацията, давaща контролен номер
Контролно поле BLK
005 - Дата и час на последна редакция
Контролно поле 20210722113143.0
008 - Елементи от данни с фиксирана дължина
fixed length control field 210722b bu |||||r|||| 00| | bu d
040 ## - Източник на каталожния запис
Идентификатор на билиотеката - собственик на записа BLK
041 ## - Код за език
Код за езика на текст/звукозапис или на отделно заглавие Български
Код за езика КДБФ Български
080 ## - УДК
Текстов определител УДК Руска литература
УДК код - определител по УДК 821.161.1
УДК определител -2
УДК - код + определител 821.161.1-2
100 ## - Редна дума - Автор
R(LIN) 1299
Автор Островски, Александър Николаевич
Авторска отговорност първи автор
139 ## - Редно поле
Редна дума Островски, Александър Николаевич
245 ## - Сведения за заглавието
Заглавие Сираче без зестра (Безприданница)
Подзаглавни данни Драма в 4 д.
Редно поле (дума) Александър Николаевич Островски ; Прев. от ориг. Радул Канели
260 ## - Област на издателските данни
9 (RLIN) 460454
Място на издаване, разпространение и проч. София
Име на издателя, разпространителя и проч. Центр. книж.
Година на издаване 1895
Печатница София : Ив. Говедаров и сие
300 ## - Физическа характеристика
Страници 98 с.
Размери/Мащаб 20 см
380 ## - Жанр
Жанр Худож. лит.
490 ## - СЕРИИ (Колекции)
9 (RLIN) 435080
Име на серия Колекция Редки и ценни издания
700 ## - Други автори (авторска отговорност)
9 (RLIN) 1107
Лично име Канели, Радул Владиславов
Автороска отговорност (Описва отношението между автора и произведението) прев. от ориг.
852 ## - Местоположение
Форматна сигнатура Рб 895
Фондова буква Редки и ценни
999 ## - СИСТЕМНИ КОНТРОЛНИ НОМЕРА
Koha biblionumber 424726
Koha biblioitemnumber 424726
942 ## - АРТИКУЛИ
Вид на библиотечния материал Книги
Скрит в OPAC Не
Периодичен библиозапис Да
944 ## - СЪЗДАВАНЕ И РЕДАКЦИЯ на ЗАПИСА
Създаване/Редакция Създаване
Дата на регистрацията/редакция 2021-07-22
Служител, извършил регистрацията/редакцията ВЙ
Наличности
Код за отписване Код за изгубен артикул Източник на класификационната схема Код за повреда Коз за рестрикции Код за отдаване Артикулен № Име на библиотеката - собственик Име на библиотеката, в която се намира в момента Статус (Текущо местоположение) Дата на вписване в системата Местоположение - отдел Цена в лева Инвентарен номер Систематично азбучна сигнатура Баркод Цена в евро Служебен тип на артикула
  Не е изгубен Universal Decimal Classification Не е повреден само за читалня Специални фондове ( старопечатни, редки и ценни, фонд М. Арнаудов) 854016 Регионална библиотека "Любен Каравелов" Русе Регионална библиотека "Любен Каравелов" Русе Редки и ценни 2021-09-21 Редки и ценни 0.20 10282/58 Рб 895 900000070967 0.10 Книги
  Не е изгубен Universal Decimal Classification Не е повреден само за читалня Специални фондове ( старопечатни, редки и ценни, фонд М. Арнаудов) 854017 Регионална библиотека "Любен Каравелов" Русе Регионална библиотека "Любен Каравелов" Русе Редки и ценни 2021-09-21 Редки и ценни 0.08 1346 Рб 895 900000070966 0.04 Книги
Vip Innovations Ltd, Rousse, Bulgaria 2025